| 000 | 00541nam a22001817a 4500 | ||
|---|---|---|---|
| 003 | CEME | ||
| 005 | 20210628202237.0 | ||
| 008 | 210210b xxu||||| |||| 00| 0 eng d | ||
| 020 | _a81-203-1902-8 | ||
| 040 | _c. | ||
| 082 | _a621.042 ABB | ||
| 100 |
_aAbbasi , S. A ,Naseema Abbasi _958974 |
||
| 245 | _aRenewable energy sources and their environmental impact | ||
| 260 |
_aNEW DELHI _bPRENTICE HALL OF INDIA _c2002 |
||
| 300 | _aX,162P | ||
| 650 |
_aRENEWABLE ENERGY SOURCES AND THEIR ENVIRONMENTAL IMPACT _958975 |
||
| 942 |
_cBK _2ddc |
||
| 999 |
_c569037 _d569037 |
||